[Event "Hamburg Harburg 11th Einladungsturnier"]
[Site "Hamburg"]
[Date "2016.10.02"]
[Round "3.1"]
[White "Ramme, Christoph"]
[Black "Mueller, Jan Hendrik"]
[Result "1/2-1/2"]
[WhiteElo "2158"]
[BlackElo "2103"]
[PlyCount "48"]
[EventDate "2016.10.03"]
[EventType "tourn"]
[EventRounds "5"]
[EventCountry "GER"]
[SourceDate "2016.10.01"]
[WhiteTeam "SK Marmstorf GW Harburg"]
[BlackTeam "SK Marmstorf GW Harburg"]

1. d4 e6 2. c4 Nf6 3. Nc3 Bb4 4. Bg5 c5 5. d5 d6 6. e3 Bxc3+ 7. bxc3 h6 8. Bh4
e5 9. Qc2 Qe7 10. Nf3 Nbd7 11. Nd2 Kd8 12. Bd3 Kc7 13. f3 g5 14. Bf2 h5 15.
O-O-O Nb6 16. h3 Bd7 17. Rde1 Rag8 18. Rhg1 h4 19. Bf5 Nh5 20. Bd3 Rf8 21. Rgf1
f5 22. Bg1 Ng3 23. Rf2 Nh1 24. Rff1 Ng3 1/2-1/2

[Event "Hamburg Harburg 11th Einladungsturnier"]
[Site "Hamburg"]
[Date "2016.10.02"]
[Round "3.3"]
[White "Mueller, Tobias"]
[Black "Reddmann, Hauke"]
[Result "1/2-1/2"]
[WhiteElo "2131"]
[BlackElo "2224"]
[PlyCount "141"]
[EventDate "2016.10.03"]
[EventType "tourn"]
[EventRounds "5"]
[EventCountry "GER"]
[SourceDate "2016.10.01"]
[WhiteTeam "SK Marmstorf GW Harburg"]
[BlackTeam "SK Wilhelmsburg 1936 eV"]

1. c4 c6 2. g3 d5 3. Bg2 Nf6 4. Nf3 e6 5. b3 Nbd7 6. Bb2 Bd6 7. d3 O-O 8. Nbd2
e5 9. O-O Re8 10. cxd5 cxd5 11. e4 Nc5 12. Qc2 Na6 13. Rac1 Bg4 14. h3 Bh5 15.
Qb1 Bg6 16. Nh4 Bb4 17. Nxg6 Bxd2 18. Rcd1 hxg6 19. Rxd2 dxe4 20. Qd1 e3 21.
fxe3 Qb6 22. Kh2 Nb4 23. e4 Nc6 24. d4 exd4 25. Bxd4 Nxd4 26. Rxd4 Re5 27. Rd6
Qa5 28. Qd4 Rae8 29. a4 Qc7 30. Qd3 b6 31. b4 R5e6 32. Rxe6 Rxe6 33. Rd1 Qe5
34. Qd8+ Kh7 35. Qd4 Nxe4 36. Qxe5 Rxe5 {(=)} 37. Rd7 a5 38. bxa5 bxa5 39. Rxf7
Nc3 40. Rf4 Re2 41. Rc4 Nd1 42. Rh4+ Kg8 43. Kg1 Re1+ 44. Bf1 g5 45. Rd4 Ne3
46. Kf2 Rxf1+ 47. Kxe3 Ra1 {(=)} 48. Ke4 Kh7 49. Kf5 Ra3 50. g4 Rxh3 51. Rd5
Kh6 52. Rd6+ Kh7 53. Ra6 Rc3 54. Rxa5 Kh6 55. Ra6+ Kh7 56. Kxg5 Rc5+ 57. Kh4 g6
58. Ra7+ Kg8 59. a5 Rb5 60. a6 Ra5 61. Ra8+ Kg7 62. a7 Ra3 63. Kg5 Ra4 64. Kh4
Ra3 65. g5 Ra1 66. Kg4 Ra2 67. Kf4 Ra1 68. Ke5 Re1+ 69. Kd4 Rd1+ 70. Kc3 Ra1
71. Kb3 1/2-1/2

[Event "Hamburg Harburg 11th Einladungsturnier"]
[Site "Hamburg"]
[Date "2016.10.02"]
[Round "4.1"]
[White "Lenhardt, Manfred"]
[Black "Ramme, Christoph"]
[Result "1-0"]
[WhiteElo "2148"]
[BlackElo "2158"]
[PlyCount "103"]
[EventDate "2016.10.03"]
[EventType "tourn"]
[EventRounds "5"]
[EventCountry "GER"]
[SourceDate "2016.10.01"]
[WhiteTeam "SC Weisse Dame Berlin"]
[BlackTeam "SK Marmstorf GW Harburg"]

1. d4 Nf6 2. Nf3 e6 3. g3 d5 4. Bg2 Be7 5. O-O O-O 6. c4 dxc4 7. Ne5 Nc6 8.
Bxc6 bxc6 9. Nxc6 Qe8 10. Nxe7+ Qxe7 11. Qc2 e5 12. dxe5 Qxe5 13. Qxc4 Be6 14.
Qh4 Qxe2 15. Nc3 Qc2 16. Bg5 Ng4 17. f3 Qxb2 18. Ne4 Qd4+ 19. Kh1 f5 20. Rad1
Qb6 21. Rb1 Qd4 22. Rbd1 Qa4 23. Nc5 Nf2+ 24. Kg2 Qxh4 25. gxh4 Nxd1 26. Nxe6
Nc3 27. Nxf8 Kxf8 28. Rc1 Nd5 29. Rc5 c6 30. Rxc6 Rb8 31. Rc5 Nf6 32. Bxf6 gxf6
33. Kg3 Rb2 34. Ra5 f4+ 35. Kxf4 Rxh2 36. Kg3 Rb2 37. Rxa7 Kg8 38. Kg4 Rb5 39.
a4 Rc5 40. a5 Rb5 41. a6 Ra5 42. h5 h6 43. Kf4 f5 44. Ke3 Kf8 45. Kd4 Ke8 46.
f4 Kd8 47. Kc4 Ra4+ 48. Kb5 Rxf4 49. Rh7 Rf1 50. a7 Ra1 51. Rxh6 f4 52. Ra6 1-0

[Event "Hamburg Harburg 11th Einladungsturnier"]
[Site "Hamburg"]
[Date "2016.10.02"]
[Round "4.2"]
[White "Mueller, Jan Hendrik"]
[Black "Reddmann, Hauke"]
[Result "0-1"]
[WhiteElo "2103"]
[BlackElo "2224"]
[PlyCount "60"]
[EventDate "2016.10.03"]
[EventType "tourn"]
[EventRounds "5"]
[EventCountry "GER"]
[SourceDate "2016.10.01"]
[WhiteTeam "SK Marmstorf GW Harburg"]
[BlackTeam "SK Wilhelmsburg 1936 eV"]

1. c4 c6 2. Nf3 d5 3. g3 g6 4. Bg2 Bg7 5. O-O e5 6. cxd5 cxd5 7. Qb3 Ne7 8. Nc3
Nbc6 9. d3 O-O 10. Bg5 f6 11. Bd2 Kh8 12. Rac1 Rb8 13. a4 Bg4 14. Qa3 Qd7 15.
b4 Rfc8 16. b5 Nd8 17. Na2 Be6 18. Bb4 Nf5 19. g4 Nh6 20. g5 Nhf7 21. h4 fxg5
22. hxg5 Bh3 23. Bf8 Qg4 24. Bxg7+ Kxg7 25. Ne1 Ne6 26. Kh2 Nf4 27. f3 Qh4 28.
Bxh3 Qxh3+ 29. Kg1 Qg3+ 30. Kh1 Nxe2 0-1

[Event "Hamburg Harburg 11th Einladungsturnier"]
[Site "Hamburg"]
[Date "2016.10.03"]
[Round "5.3"]
[White "Mueller, Jan Hendrik"]
[Black "Parvanyan, Ashot"]
[Result "0-1"]
[WhiteElo "2103"]
[BlackElo "2262"]
[PlyCount "68"]
[EventDate "2016.10.03"]
[EventType "tourn"]
[EventRounds "5"]
[EventCountry "GER"]
[SourceDate "2016.10.01"]
[WhiteTeam "SK Marmstorf GW Harburg"]
[BlackTeam "SC Agon NeumÃ¼nster"]

1. c4 Nf6 2. g3 g6 3. Bg2 Bg7 4. Nc3 O-O 5. e4 d6 6. Nge2 e5 7. d3 Nc6 8. O-O
Nh5 9. f4 exf4 10. Nxf4 Nxf4 11. Bxf4 Ne5 12. Qd2 c6 13. Rae1 Qb6+ 14. Kh1 Qa5
15. h3 Be6 16. Rd1 a6 17. Bh6 b5 18. Bxg7 Kxg7 19. b3 c5 20. Qc2 Qd8 21. cxb5
Qg5 22. Qf2 Qh5 23. Qf6+ Kg8 24. Nd5 Bxd5 25. exd5 axb5 26. Qxd6 Rxa2 27. Rde1
Nxd3 28. Re7 Nf2+ 29. Kh2 Nxh3 30. Re5 Qh6 31. g4 Nf4+ 32. Rh5 Rxg2+ 33. Kh1
Nxh5 34. Kxg2 Qg5 0-1

[Event "Hamburg Harburg 11th Einladungsturnier"]
[Site "Hamburg"]
[Date "2016.10.03"]
[Round "5.2"]
[White "Lenhardt, Manfred"]
[Black "Mueller, Tobias"]
[Result "0-1"]
[WhiteElo "2148"]
[BlackElo "2131"]
[PlyCount "80"]
[EventDate "2016.10.03"]
[EventType "tourn"]
[EventRounds "5"]
[EventCountry "GER"]
[SourceDate "2016.10.01"]
[WhiteTeam "SC Weisse Dame Berlin"]
[BlackTeam "SK Marmstorf GW Harburg"]

1. d4 f5 2. g3 Nf6 3. Bg2 g6 4. Nh3 Bg7 5. Nf4 d6 6. Nc3 c6 7. O-O O-O 8. e4 e5
9. dxe5 dxe5 10. Qxd8 Rxd8 11. Nd3 fxe4 12. Nxe4 Nxe4 13. Bxe4 Bh3 14. Re1 Nd7
15. Bg5 Re8 16. Rad1 Nf6 17. Nc5 Nxe4 18. Nxe4 h6 19. Be3 b6 20. Rd6 Re6 21.
Red1 Bg4 22. Rxe6 Bxe6 23. Rd6 Re8 24. f3 c5 25. a4 Kf7 26. a5 Rb8 27. Rc6 bxa5
28. b3 c4 29. bxc4 Rb1+ 30. Kf2 Rb2 31. Bxa7 Rxc2+ 32. Ke3 a4 33. Kd3 Rb2 34.
Bc5 Rb3+ 35. Kd2 Rxf3 36. Ra6 Bd7 37. Nd6+ Kg8 38. Nb5 e4 39. Rxa4 Rd3+ 40. Kc2
Bxb5 0-1

[Event "Hamburg Harburg 11th Einladungsturnier"]
[Site "Hamburg"]
[Date "2016.10.03"]
[Round "5.1"]
[White "Reddmann, Hauke"]
[Black "Ramme, Christoph"]
[Result "1/2-1/2"]
[WhiteElo "2224"]
[BlackElo "2158"]
[PlyCount "55"]
[EventDate "2016.10.03"]
[EventType "tourn"]
[EventRounds "5"]
[EventCountry "GER"]
[SourceDate "2016.10.01"]
[WhiteTeam "SK Wilhelmsburg 1936 eV"]
[BlackTeam "SK Marmstorf GW Harburg"]

1. d4 Nf6 2. Bg5 d5 3. Bxf6 exf6 4. e3 Bd6 5. g3 c6 6. Nd2 f5 7. Bg2 Nd7 8.
Ngf3 Nf6 9. O-O Ne4 10. c4 Nxd2 11. Nxd2 dxc4 12. Nxc4 O-O 13. Nxd6 Qxd6 14.
Qb3 Rb8 15. Rfc1 Be6 16. Qa4 a6 17. Rc5 Rbd8 18. a3 Rd7 19. Qc2 Qe7 20. b4 g6
21. a4 Rfd8 22. b5 axb5 23. axb5 cxb5 24. Rxb5 Bd5 25. Bxd5 Rxd5 26. Rxd5 Rxd5
27. Qb3 Rd7 28. Rb1 1/2-1/2

[Event "Hamburg Harburg 11th X"]
[Site "Hamburg"]
[Date "2016.10.01"]
[Round "1.1"]
[White "Lehmkuhl, Stefan"]
[Black "Grove, Uwe"]
[Result "1-0"]
[WhiteElo "1873"]
[BlackElo "1618"]
[PlyCount "78"]
[EventDate "2016.10.03"]
[EventType "tourn"]
[EventRounds "3"]
[EventCountry "GER"]
[SourceDate "2016.10.01"]
[WhiteTeam "Breloher SC"]
[BlackTeam "SK Marmstorf GW Harburg"]

1. d4 Nf6 2. Bg5 d5 3. Bxf6 exf6 4. e3 Bd6 5. c4 Bb4+ 6. Nc3 Be6 7. cxd5 Qxd5
8. Nge2 O-O 9. a3 Bxc3+ 10. Nxc3 Qa5 11. Be2 c6 12. O-O Nd7 13. b4 Qc7 14. Rc1
Rac8 15. Ne4 f5 16. Nc5 Nf6 17. Nxe6 fxe6 18. b5 Qb6 19. bxc6 Rxc6 20. Rxc6
Qxc6 21. Bf3 Qd7 22. Qb3 b6 23. h3 Rc8 24. Rd1 Nd5 25. g4 g6 26. a4 Rc3 27. Qb2
Qxa4 28. Ra1 Qc4 29. Be2 Qc7 30. Qb5 Kf7 31. gxf5 gxf5 32. Bh5+ Kf6 33. Qe8
Qg7+ 34. Kf1 Rc7 35. Qd8+ Qe7 36. Qh8+ Kg5 37. Bf3 Kh4 38. Qe5 Qg7 39. Qxe6 Qf7
1-0

[Event "Hamburg Harburg 11th X"]
[Site "Hamburg"]
[Date "2016.10.01"]
[Round "1.2"]
[White "Willner, Thomas"]
[Black "Hielscher, Ursula"]
[Result "1-0"]
[WhiteElo "1821"]
[BlackElo "1872"]
[PlyCount "49"]
[EventDate "2016.10.03"]
[EventType "tourn"]
[EventRounds "3"]
[EventCountry "GER"]
[SourceDate "2016.10.01"]
[WhiteTeam "SK Marmstorf GW Harburg"]
[BlackTeam "SK Doppelbauer Kiel"]

1. d4 d5 2. c4 c6 3. Nc3 Nf6 4. Nf3 e6 5. e3 Nbd7 6. Bd3 dxc4 7. Bxc4 Nb6 8.
Bb3 Bd6 9. O-O O-O 10. e4 Be7 11. Bf4 c5 12. d5 exd5 13. exd5 Re8 14. d6 Bf8
15. Nb5 Re4 16. Ng5 c4 17. Nxe4 cxb3 18. Nc5 Nfd5 19. Bg3 a6 20. axb3 axb5 21.
Rxa8 Nxa8 22. Qxd5 Nb6 23. Qe4 Bxd6 24. Rd1 Qg5 25. Bxd6 1-0

[Event "Hamburg Harburg 11th X"]
[Site "Hamburg"]
[Date "2016.10.02"]
[Round "2.2"]
[White "Lehmkuhl, Stefan"]
[Black "Willner, Thomas"]
[Result "1/2-1/2"]
[WhiteElo "1873"]
[BlackElo "1821"]
[PlyCount "99"]
[EventDate "2016.10.03"]
[EventType "tourn"]
[EventRounds "3"]
[EventCountry "GER"]
[SourceDate "2016.10.01"]
[WhiteTeam "Breloher SC"]
[BlackTeam "SK Marmstorf GW Harburg"]

1. c4 e5 2. e3 Nc6 3. Nc3 Nf6 4. a3 a5 5. Nf3 d5 6. cxd5 Nxd5 7. Qc2 Be7 8. Bb5
Bf6 9. Ne4 Nde7 10. Nxf6+ gxf6 11. d4 Qd6 12. Bd2 O-O 13. Bc3 Bd7 14. dxe5 fxe5
15. Rd1 Qe6 16. Ng5 Qf5 17. Qxf5 Bxf5 18. Nf3 f6 19. Bc4+ Kg7 20. Nh4 Rfd8 21.
Nxf5+ Nxf5 22. Ke2 b6 23. g4 Nfe7 24. h4 h6 25. Rhg1 Rxd1 26. Rxd1 Rd8 27. Rxd8
Nxd8 28. g5 hxg5 29. hxg5 Ndc6 30. gxf6+ Kxf6 31. f3 Ng6 32. Kd3 Kf5 33. Bd5
Nce7 34. Be4+ Ke6 35. Bd2 Nf5 36. Kc4 Nge7 37. b4 Nd6+ 38. Kd3 Nxe4 39. Kxe4
axb4 40. axb4 Nd5 41. Kd3 b5 42. e4 Nb6 43. f4 exf4 44. Bxf4 c6 45. Kd4 Nd7 46.
Bg3 Ke7 47. Bf2 Ke6 48. Ke3 Ke7 49. Kf4 Ke6 50. Ke3 1/2-1/2

[Event "Hamburg Harburg 11th X"]
[Site "Hamburg"]
[Date "2016.10.02"]
[Round "2.1"]
[White "Grove, Uwe"]
[Black "Hielscher, Ursula"]
[Result "1-0"]
[WhiteElo "1618"]
[BlackElo "1872"]
[PlyCount "53"]
[EventDate "2016.10.03"]
[EventType "tourn"]
[EventRounds "3"]
[EventCountry "GER"]
[SourceDate "2016.10.01"]
[WhiteTeam "SK Marmstorf GW Harburg"]
[BlackTeam "SK Doppelbauer Kiel"]

1. Nf3 Nf6 2. d4 g6 3. g3 Bg7 4. Bg2 O-O 5. O-O d6 6. c3 Bf5 7. Nbd2 Qc8 8. Qb3
c6 9. Re1 b6 10. e4 Bh3 11. e5 Nd5 12. Bh1 h6 13. exd6 exd6 14. Ne4 Rd8 15. c4
Nf6 16. Nxf6+ Bxf6 17. Bxh6 Bg4 18. Bg5 Bxg5 19. Nxg5 Qf5 20. Qe3 Na6 21. Bxc6
Rab8 22. Bd5 Rf8 23. Qe7 Nb4 24. Be4 Qa5 25. Bxg6 Nc6 26. Qf6 Be6 27. Bh7# 1-0

[Event "Hamburg Harburg 11th X"]
[Site "Hamburg"]
[Date "2016.10.03"]
[Round "3.2"]
[White "Hielscher, Ursula"]
[Black "Lehmkuhl, Stefan"]
[Result "0-1"]
[WhiteElo "1872"]
[BlackElo "1873"]
[PlyCount "84"]
[EventDate "2016.10.03"]
[EventType "tourn"]
[EventRounds "3"]
[EventCountry "GER"]
[SourceDate "2016.10.01"]
[WhiteTeam "SK Doppelbauer Kiel"]
[BlackTeam "Breloher SC"]

1. d4 d6 2. e4 Nf6 3. Nc3 c6 4. Be2 Qa5 5. Bd2 e5 6. Nf3 Qc7 7. O-O Be7 8. Rc1
O-O 9. Qe1 Nbd7 10. h3 b5 11. Nb1 Nxe4 12. Ba5 Qb8 13. dxe5 dxe5 14. Bd3 Nef6
15. c4 Nc5 16. Nxe5 Bd6 17. cxb5 Nxd3 18. Nxd3 Qxb5 19. Qc3 Bf5 20. Bb4 Nd5 21.
a4 Nxc3 22. axb5 Ne2+ 23. Kh1 Bxb4 24. Nxb4 Nxc1 25. Rxc1 cxb5 26. Nc3 Be6 27.
Rd1 Bc4 28. Nc6 a6 29. Re1 Rfe8 30. Rd1 h6 31. Rd7 a5 32. Rb7 b4 33. Na4 Ba6
34. Rb6 Kh7 35. Nc5 Bc8 36. Nb3 a4 37. Nbd4 a3 38. bxa3 bxa3 39. Rb1 Ra4 40.
Nb5 Bd7 41. Ncd4 Bxb5 42. Nxb5 Rb8 0-1

[Event "Hamburg Harburg 11th X"]
[Site "Hamburg"]
[Date "2016.10.03"]
[Round "3.1"]
[White "Willner, Thomas"]
[Black "Grove, Uwe"]
[Result "1-0"]
[WhiteElo "1821"]
[BlackElo "1618"]
[PlyCount "99"]
[EventDate "2016.10.03"]
[EventType "tourn"]
[EventRounds "3"]
[EventCountry "GER"]
[SourceDate "2016.10.01"]
[WhiteTeam "SK Marmstorf GW Harburg"]
[BlackTeam "SK Marmstorf GW Harburg"]

1. d4 Nf6 2. c4 g6 3. Nc3 Bg7 4. e4 d6 5. Nf3 Bg4 6. Be2 O-O 7. Be3 Nbd7 8. O-O
c5 9. d5 a6 10. a4 Rb8 11. h3 Bxf3 12. Bxf3 Ne8 13. Qb3 Qb6 14. Qc2 Qb4 15. Be2
Nb6 16. Nd1 Nd7 17. Bd2 Qb6 18. Bc3 Bd4 19. Ne3 e5 20. dxe6 fxe6 21. Bg4 Ng7
22. Qd2 Nf6 23. Bf3 e5 24. Bxd4 cxd4 25. Nd5 Nxd5 26. cxd5 Rbc8 27. Rfc1 Rc5
28. b4 Rxc1+ 29. Rxc1 Ne8 30. Bg4 Nf6 31. Be6+ Kg7 32. Qc2 Qxb4 33. Rb1 Qc3 34.
Rxb7+ Kh6 35. Qxc3 dxc3 36. f3 Nh5 37. Rc7 Nf4 38. Kf1 Rb8 39. Rxc3 Rb1+ 40.
Kf2 Rb2+ 41. Ke1 Nxg2+ 42. Kd1 Ra2 43. Bd7 Rf2 44. Kc1 Kg5 45. Rc6 Rxf3 46.
Rxd6 Kf4 47. Rf6+ Kxe4 48. Rxf3 Kxf3 49. Bg4+ Ke4 50. d6 1-0

[Event "Hamburg Harburg 11th Y"]
[Site "Hamburg"]
[Date "2016.10.01"]
[Round "1.2"]
[White "Spreu, Joerg"]
[Black "Bosse, Christian"]
[Result "1/2-1/2"]
[WhiteElo "1461"]
[BlackElo "1500"]
[PlyCount "62"]
[EventDate "2016.10.03"]
[EventType "tourn"]
[EventRounds "3"]
[EventCountry "GER"]
[SourceDate "2016.10.01"]
[WhiteTeam "Hamburger SK"]
[BlackTeam "SF Nordost Berlin"]

1. e4 Nf6 2. e5 Nd5 3. d4 d6 4. exd6 cxd6 5. Nf3 g6 6. Bb5+ Bd7 7. Bxd7+ Qxd7
8. O-O Bg7 9. Re1 Nc6 10. b3 O-O 11. c4 Nb6 12. Bb2 Qf5 13. Nh4 Qf6 14. Nf3
Rad8 15. Re2 Qf4 16. Qd2 Qxd2 17. Rxd2 e6 18. Nc3 d5 19. c5 Nc8 20. Nb5 a6 21.
Nc3 N8e7 22. Na4 h6 23. Re1 Nf5 (23... Rfe8 24. Nc3 Rb8 25. Na4) 24. Red1 Rfe8
25. Nc3 Rb8 26. Na4 Re7 27. g4 Nfxd4 28. Nxd4 Ne5 29. h3 Rc7 30. f4 Nd7 31. Rc2
b5 1/2-1/2